000
00325nam a2200133Ia 4500
100
_a
Virmani/S.K
650
_a
Automobiles
942
_c
BK
654
_a
Workshop Cal.Sci. Solved Papers Radio/T.V
245
_a
Workshop Cal.Sci. Solved Papers Radio/T.V
260
_b
New Heights
_a
NewDelhi
546
_a
HINDI
999
_c
27042
_d
27042